El valor imponible de la exportación (Registro nro. 23811)

Detalles MARC
000 -LEADER
fixed length control field 00332 a2200109 4500
001 - CONTROL NUMBER
control field ART_9691
005 - DATE AND TIME OF LATEST TRANSACTION
control field 20260410161838.0
008 - FIXED-LENGTH DATA ELEMENTS--GENERAL INFORMATION
fixed length control field 260409a
100 1# - MAIN ENTRY--PERSONAL NAME
Personal name Fratalocchi, Aldo
245 10 - TITLE STATEMENT
Title El valor imponible de la exportación
773 0# - HOST ITEM ENTRY
Title Contabilidad y administración
Related parts - Año 6, Nº 62 (ago. 1982)
Record control number REV5485

No hay ítems disponibles.